| 000 | 00974cam a2200229 4500500 | ||
|---|---|---|---|
| 005 | 20260104155129.0 | ||
| 041 | _afre | ||
| 042 | _adc | ||
| 100 | 1 | 0 |
_aLe Gouic, Isabelle _eauthor |
| 245 | 0 | 0 | _aO:\Users\Isabelle LeGouic |
| 260 | _c2023. | ||
| 500 | _a52 | ||
| 520 | _aNumérique inquiétant, numérique créatif, l’auteure nous fait part de ses utilisations de l’ordinateur : de la vidéo artistique à ses démarches administratives. Une fois l’outil apprivoisé, les inhibitions dépassées, il peut servir ou desservir l’humain selon l’usage, y compris dans des moments de confinement. | ||
| 690 | _acréation | ||
| 690 | _améfiance | ||
| 690 | _anumérique | ||
| 690 | _aOrdinateur | ||
| 690 | _arisques | ||
| 690 | _avidéo | ||
| 786 | 0 | _nVST - Vie sociale et traitements | 157 | 1 | 2023-02-21 | p. 26-28 | 0396-8669 | |
| 856 | 4 | 1 | _uhttps://shs.cairn.info/revue-vie-sociale-et-traitements-2023-1-page-26?lang=fr&redirect-ssocas=7080 |
| 999 |
_c1611636 _d1611636 |
||